Central Library OPAC University of Rajshahi

সাহিত্য-সংস্কৃতি নানা ভাবনা / (Record no. 39795)

MARC details
000 -LEADER
fixed length control field 00917nam a2200229 a 4500
001 - CONTROL NUMBER
control field 39795
003 - CONTROL NUMBER IDENTIFIER
rucl marc code BD-RjUL
005 - DATE AND TIME OF LATEST TRANSACTION
control field 20211209053047.0
008 - FIXED-LENGTH DATA ELEMENTS--GENERAL INFORMATION
fixed length control field 160418s2013 bg ||||| |||| 00| 0 ben d
020 ## - INTERNATIONAL STANDARD BOOK NUMBER
International Standard Book Number 9789849047148
Terms of availability : Tk.600.00
035 ## - SYSTEM CONTROL NUMBER
System control number (BD-RjUL)39908
040 ## - CATALOGING SOURCE
Original cataloging agency BD-RjUL
Language of cataloging ben
Transcribing agency BD-RjUL
041 ## - LANGUAGE CODE
Language code of text/sound track or separate title ben
082 ## - DEWEY DECIMAL CLASSIFICATION NUMBER
Edition number 23
Classification number 891.4409
Author mark and year ANS 2013
100 ## - MAIN ENTRY--PERSONAL NAME
Personal name আনোয়ার, আলী
9 (RLIN) 122594
245 ## - TITLE STATEMENT
Title সাহিত্য-সংস্কৃতি নানা ভাবনা /
Statement of responsibility, etc. আলী আনোয়ার
260 ## - PUBLICATION, DISTRIBUTION, ETC. (IMPRINT)
Place of publication, distribution, etc. ঢাকা :
Name of publisher, distributor, etc. বেঙ্গল পাবলিকেশন্‌স লিমিটেড,
Date of publication, distribution, etc. ২০১৩
300 ## - PHYSICAL DESCRIPTION
Pagination ৩৮৩ পৃ. ;
Size ২২ সে.মি.
650 ## - SUBJECT ADDED ENTRY--TOPICAL TERM
Topical term or geographic name as entry element বাংলা সাহিত্য
Form subdivision ইতিহাস ও সমালোচনা
9 (RLIN) 117445
Topical term or geographic name as entry element Bengali Literature
Form subdivision History and Critisam
9 (RLIN) 122014
942 ## - ADDED ENTRY ELEMENTS (KOHA)
Source of classification or shelving scheme Dewey Decimal Classification
Koha item type Books
Holdings
Lost status Source of classification or shelving scheme Damaged status Not for loan Collection code Permanent Location Current Location Shelving location Date acquired Source of acquisition Cost, normal purchase price Total Checkouts Full call number Date last seen Copy number Koha item type Date checked out
  Dewey Decimal Classification   Not For Loan Non-fiction Central Library, University of Rajshahi Central Library, University of Rajshahi Reading Room 16/04/2016 Vidashagor, Rajshahi. 600.00   B 891.4409 ANS 2013 18/04/2016 C-1 Books  
  Dewey Decimal Classification     Non-fiction Central Library, University of Rajshahi Central Library, University of Rajshahi   16/04/2016 Vidashagor, Rajshahi. 600.00   B 891.4409 ANS 2013 18/04/2016 C-2 Books  
  Dewey Decimal Classification     Non-fiction Central Library, University of Rajshahi Central Library, University of Rajshahi   16/04/2016 Vidashagor, Rajshahi. 600.00 1 B 891.4409 ANS 2013 06/03/2017 C-3 Books 14/02/2017